[Event "CEDIS Festival saha - 4. turnir"]
[Site "Podgorica"]
[Date "2025.09.14"]
[Round "5.1"]
[White "Djukanovic, Sreten"]
[Black "Jovancevic, Jovan"]
[Result "1/2-1/2"]
[WhiteElo "2096"]
[BlackElo "2139"]
[PlyCount "71"]
[EventDate "2025.09.12"]
[EventType "swiss"]
[EventRounds "5"]
[EventCountry "MNE"]
[SourceDate "2025.09.15"]

1. d4 d5 2. c4 dxc4 3. Nf3 Nf6 4. Na3 e6 5. Nxc4 Be7 6. e3 O-O 7. Be2 b6 8. O-O
Bb7 9. b3 Ne4 10. Bb2 Nd7 11. Qc2 Rc8 12. Rfd1 Qe8 13. Ncd2 Ndf6 14. Nxe4 Nxe4
15. Bd3 f5 16. Bc4 Bd6 17. Ne5 c5 18. Qe2 Qe7 19. f3 Nf6 20. dxc5 Rxc5 21. Nd3
Rc7 22. Nf4 Bc8 23. a4 Rd8 24. Rd3 Kh8 25. Rad1 e5 26. Ba3 Rcd7 27. Bxd6 Rxd6
28. Rxd6 Rxd6 29. Rxd6 Qxd6 30. Qd3 Ne8 31. Ne2 Qxd3 32. Bxd3 Nd6 33. f4 e4 34.
Bc2 a5 35. Kf2 Kg8 36. Ke1 1/2-1/2

[Event "CEDIS Festival saha - 4. turnir"]
[Site "Podgorica"]
[Date "2025.09.14"]
[Round "5.2"]
[White "Rasovic, Uros"]
[Black "Zizic, Djordje"]
[Result "1-0"]
[WhiteElo "2244"]
[BlackElo "2180"]
[PlyCount "73"]
[EventDate "2025.09.12"]
[EventType "swiss"]
[EventRounds "5"]
[EventCountry "MNE"]
[SourceDate "2025.09.15"]

1. e4 c5 2. Nf3 d6 3. d4 cxd4 4. Qxd4 Nc6 5. Bb5 Bd7 6. Qd3 g6 7. Nc3 Bg7 8.
Bg5 Nf6 9. O-O-O Qa5 10. e5 Ng4 11. Bxe7 Nxf2 12. Qxd6 Nxd1 13. Rxd1 Nxe7 14.
Bxd7+ Kf8 15. Nd5 Qd8 16. Nd4 Bh6+ 17. Kb1 Bg5 18. Nc7 Kg8 19. Nxa8 Qxa8 20.
Nf3 h6 21. Nxg5 hxg5 22. Qxe7 Rxh2 23. Bh3 Kg7 24. Qf6+ Kh6 25. Qf2 b5 26. Qg3
Qd5 27. Rc1 Rxh3 28. Qxh3+ Kg7 29. Rh1 Kf8 30. Qh8+ Ke7 31. Qf6+ Kd7 32. Qxg5
a5 33. Qg4+ Kc7 34. Rd1 Qc6 35. Qd4 Qxg2 36. Qd8+ Kc6 37. Qa8+ 1-0

[Event "CEDIS Festival saha - 4. turnir"]
[Site "Podgorica"]
[Date "2025.09.14"]
[Round "5.3"]
[White "Pavlovic, David"]
[Black "Abramovic, Dragoljub"]
[Result "0-1"]
[WhiteElo "1702"]
[BlackElo "1964"]
[PlyCount "66"]
[EventDate "2025.09.12"]
[EventType "swiss"]
[EventRounds "5"]
[EventCountry "MNE"]
[SourceDate "2025.09.15"]

1. e4 Nc6 2. d4 d5 3. exd5 Qxd5 4. Nf3 e5 5. Be3 Bg4 6. Be2 O-O-O 7. c3 exd4 8.
cxd4 Kb8 9. O-O Nf6 10. Nc3 Qd7 11. Ne5 Nxe5 12. dxe5 Qe8 13. Qb3 Bxe2 14. Nxe2
Qxe5 15. Rac1 Bd6 16. f4 Qd5 17. Qa4 a6 18. Rfd1 Qe4 19. Qb3 Rhe8 20. Rd3 Ng4
21. Ng3 Qe6 22. Bd2 Qxb3 23. Rxb3 g6 24. h3 Nf6 25. Rf3 Ne4 26. Nxe4 Rxe4 27.
Kf2 Bc5+ 28. Rxc5 Rxd2+ 29. Kg3 Ree2 30. Re5 Rxg2+ 31. Kh4 h6 32. Re7 Rd5 33.
Rc3 Rh5# 0-1

[Event "CEDIS Festival saha - 4. turnir"]
[Site "Podgorica"]
[Date "2025.09.14"]
[Round "5.4"]
[White "Zarudniak, Elisei"]
[Black "Sekulic, Nikola"]
[Result "0-1"]
[WhiteElo "1635"]
[BlackElo "1970"]
[PlyCount "112"]
[EventDate "2025.09.12"]
[EventType "swiss"]
[EventRounds "5"]
[EventCountry "MNE"]
[SourceDate "2025.09.15"]

1. e4 e5 2. Nf3 Nc6 3. Bb5 d6 4. O-O Bg4 5. c3 Qf6 6. d3 Bxf3 7. Qxf3 Qxf3 8.
gxf3 Nge7 9. f4 f6 10. fxe5 dxe5 11. Be3 O-O-O 12. Rd1 a6 13. Bxc6 Nxc6 14. d4
exd4 15. cxd4 Bc5 16. d5 Bxe3 17. fxe3 Ne5 18. Nc3 Nc4 19. b3 Nxe3 20. Rd3 Ng4
21. Rg3 h5 22. h3 Ne5 23. Rf1 Rdg8 24. Ne2 Kb8 25. Nd4 Rh6 26. Kh1 h4 27. Rg2
g5 28. Nf5 Rh7 29. Nd4 Rf7 30. Nf5 Rd8 31. Nd4 c6 32. Ne6 Rd6 33. Rd2 cxd5 34.
exd5 g4 35. hxg4 Nxg4 36. Ng5 Rfd7 37. Nf3 Rxd5 38. Rxd5 Rxd5 39. Rg1 Rd3 40.
Rxg4 Rxf3 41. Rxh4 Rf2 42. a4 Rf3 43. b4 Ra3 44. b5 Ka7 45. Kg2 axb5 46. axb5
Kb6 47. Rf4 Re3 48. Rxf6+ Kxb5 49. Rf5+ Ka4 50. Rf4+ Ka5 51. Kf2 Re6 52. Rf3 b5
53. Re3 Rxe3 54. Kxe3 Kb4 55. Kd2 Kb3 56. Kc1 Ka2 0-1

[Event "CEDIS Festival saha - 4. turnir"]
[Site "Podgorica"]
[Date "2025.09.14"]
[Round "5.5"]
[White "Jeknic, Velimir"]
[Black "Zivkovic, Slaven"]
[Result "0-1"]
[WhiteElo "1804"]
[BlackElo "1944"]
[PlyCount "31"]
[EventDate "2025.09.12"]
[EventType "swiss"]
[EventRounds "5"]
[EventCountry "MNE"]
[SourceDate "2025.09.15"]

1. e4 e5 2. d4 exd4 3. c3 dxc3 4. Bc4 Qf6 5. Nxc3 Bb4 6. Nge2 Nc6 7. O-O Nge7
8. a3 Bxc3 9. Nxc3 O-O 10. Be3 Ne5 11. Ba2 d6 12. f4 Ng4 13. Bd4 Qh4 14. h3 Nf6
15. Qf3 Ng6 16. g4 0-1

[Event "CEDIS Festival saha - 4. turnir"]
[Site "Podgorica"]
[Date "2025.09.14"]
[Round "5.9"]
[White "Matovic, Milan"]
[Black "Sorochenkov, Alexander"]
[Result "1/2-1/2"]
[WhiteElo "1707"]
[BlackElo "1423"]
[PlyCount "87"]
[EventDate "2025.09.12"]
[EventType "swiss"]
[EventRounds "5"]
[EventCountry "MNE"]
[SourceDate "2025.09.15"]

1. e4 c5 2. Nf3 d6 3. Nc3 Nc6 4. d4 cxd4 5. Nxd4 Nf6 6. Bc4 a6 7. O-O g6 8. Bg5
Bg7 9. Nxc6 bxc6 10. f4 Qb6+ 11. Kh1 Ng4 12. Qf3 f6 13. Bh4 Qe3 14. Qd1 Rb8 15.
Rf3 Qc5 16. Bb3 Qh5 17. Qe1 g5 18. fxg5 Ne5 19. gxf6 Nxf3 20. fxg7 Rg8 21. Bxg8
Nxe1 22. Bb3 Qxh4 23. g8=Q+ Kd7 24. g3 Qf6 25. Rxe1 Kc7 26. Qf7 Qg5 27. Qf4 Qh5
28. Qf7 Qg5 29. Kg2 Bg4 30. Qf4 Qh5 31. h4 Bd7 32. e5 c5 33. Bf7 Qf5 34. Qxf5
Bxf5 35. exd6+ Kxd6 36. Bb3 c4 37. Bxc4 Rxb2 38. Ne4+ Ke5 39. Nd2+ Kd4 40. Bb3
Bxc2 41. Kf3 e5 42. Rxe5 Rxb3+ 43. Nxb3+ Kxe5 44. Ke3 1/2-1/2

[Event "CEDIS Festival saha - 4. turnir"]
[Site "Podgorica"]
[Date "2025.09.14"]
[Round "5.10"]
[White "Stanic, Stefan"]
[Black "Agic, Zejn"]
[Result "1-0"]
[WhiteElo "1441"]
[BlackElo "1484"]
[PlyCount "91"]
[EventDate "2025.09.12"]
[EventType "swiss"]
[EventRounds "5"]
[EventCountry "MNE"]
[SourceDate "2025.09.15"]

1. e4 e5 2. Nf3 Nc6 3. Bc4 Nf6 4. d3 d6 5. Nc3 Be6 6. Bxe6 fxe6 7. Bg5 Be7 8.
Qd2 O-O 9. O-O-O h6 10. Be3 d5 11. Qe2 d4 12. Bxh6 gxh6 13. Nb1 Nh7 14. h4 Qe8
15. g4 Qf7 16. Nbd2 Qf4 17. Rdg1 Bb4 18. Rg2 Bxd2+ 19. Nxd2 Kf7 20. g5 Ke7 21.
g6 Rg8 22. Rg4 Qf6 23. gxh7 Rh8 24. Rhg1 Rxh7 25. h5 Rf8 26. f3 Rff7 27. Qf2
Rhg7 28. Rg6 Rxg6 29. Rxg6 Qf4 30. Kd1 Qe3 31. Qxe3 dxe3 32. Nc4 Rxf3 33. c3
Rh3 34. Rxh6 Kf7 35. Rh7+ Kf6 36. Rxc7 Rxh5 37. Rxb7 Kg5 38. Nxe3 Rh1+ 39. Kc2
Rh2+ 40. Kc1 Rh1+ 41. Nd1 Kg4 42. Rc7 Na5 43. Rxa7 Nc6 44. Ra6 Nd8 45. Kc2 Nb7
46. Nf2+ 1-0